| 000 | 01064cam a22003135a 4500 | ||
|---|---|---|---|
| 999 |
_c10073 _d10073 |
||
| 001 | 000025293553 | ||
| 003 | EG-ScBUE | ||
| 005 | 20191209112639.0 | ||
| 008 | 960925r2004 ii f d 000 0 mul d | ||
| 020 | _a8171440525 | ||
| 040 |
_aCaBVA _beng _erda _cCaBVa _dEG-ScBUE _dEG-ScBUE |
||
| 041 | 0 |
_aamh _aeng |
|
| 082 | 0 | 4 |
_a492.87321 _bDIC _222 |
| 245 | 0 | 0 |
_aDictionary Amharic - English, English - Amharic / _ccompiled and revised by A. Zekaria Institute of Ethiopian Studies. |
| 250 | _aReprint edition. | ||
| 264 | 1 |
_aNew Delhi, India : _bLanguages of the World Publications, _c2004. |
|
| 300 |
_a647 pages ; _c22 cm |
||
| 336 |
_2rdacontent _atext _btxt |
||
| 337 |
_2rdamedia _aunmediated _bn |
||
| 338 |
_2rdacarrier _avolume _bnc |
||
| 546 | _aText in English and Amharic. | ||
| 590 | _areham | ||
| 650 | 7 |
_aAmharic language _vDictionaries _xEnglish. _2BUEsh |
|
| 650 | 7 |
_aEnglish language _vDictionaries _xAmharic. _2BUEsh |
|
| 653 |
_bHHUUEENN _cAugust2018 |
||
| 655 | _vReading book | ||
| 700 | 0 |
_aAhmed Zekaria, _ecompiler. |
|
| 942 |
_2ddc _cREFERENCE |
||